Understanding terrorism: challeges, perspectives, and issues. (4th ed.) (Record no. 60736)

MARC details
000 -LEADER
fixed length control field 00591nam a2200157 a 4500
008 - FIXED-LENGTH DATA ELEMENTS--GENERAL INFORMATION
fixed length control field 160516s2013 ||||||||||||||||| || u
020 ## - INTERNATIONAL STANDARD BOOK NUMBER
International Standard Book Number 9781452205823
050 ## - LIBRARY OF CONGRESS CALL NUMBER
Classification number HV 6431 Mar
100 ## - MAIN ENTRY--PERSONAL NAME
Personal name Martin, Gus
245 10 - TITLE STATEMENT
Title Understanding terrorism: challeges, perspectives, and issues. (4th ed.)
Statement of responsibility, etc. By Gus Martin
250 ## - EDITION STATEMENT
Edition statement 4th ed.
260 ## - PUBLICATION, DISTRIBUTION, ETC.
Place of publication, distribution, etc. California
Name of publisher, distributor, etc. SAGE Publications
Date of publication, distribution, etc. 2013
350 ## - PRICE (NR) (BK AM CF MU VM SE) [OBSOLETE]
Price 103.00
650 ## - SUBJECT ADDED ENTRY--TOPICAL TERM
Topical term or geographic name entry element TERRORISM
995 ## - RECOMMENDATION 995 [LOCAL, UNIMARC FRANCE]
-- CBU-MAIN LIBRARY (Kitwe)
-- 103.00
-- 1
-- AVAILABLE
-- May 17, 2016
-- Main Library Open Access Collection
Holdings
Withdrawn status Lost status Source of classification or shelving scheme Damaged status Not for loan Home library Current library Shelving location Date acquired Total Checkouts Full call number Barcode Date last seen Price effective from Koha item type
          CBU-MAIN LIBRARY, KITWE. CBU-MAIN LIBRARY, KITWE.   11/30/2022   HV 6431 Mar 746280 11/30/2022 11/30/2022 MONOGRAPH